00722nam a2200181 i 450000100060000000300090000600500170001500700030003200800410003510000260007624501420010226000590024430000300030370000360033385200320036999900170040195201220041877436ES-MaACL20230906173216.0t|041008s1966 sp ||||1| spa d1 aHammond, John.96168510aPrincipios de la explotación animal b: reproducción, crecimiento y herencia / cJohn Hammond ; versión por Francisco Puchal Más. aZaragoza : bAcribia, c[1966] (fHeraldo de Aragón) a363 p. : bil. ; c22 cm.1 aPuchal Más, Francisco.994115 aES-MaACLjC-31091 bR.61797 c77436d77436 00104070aATENEOMbATENEOMcDEPO2d2008-01-17eSCl0oC-31091p1081018r2023-02-23 00:00:00w2023-02-23yMONOGRAFIA